Growth performance of mile tilapia fingerling produced through broodstock selection for quantitative phenotype (tilapia niloticus), ការតាមដានកម្រិតលូតលាស់កូនត្រីពូជទីឡាព្យាឆ្នួតតាមរយៈកម្មវិធីជម្រើសពុជតាមបែបសាមញ្ញ ដើម្បីផេណូទីបខាងបរិមាណ (Record no. 4046)

000 -LEADER
fixed length control field 00796nam a22001337a 4500
040 ## - CATALOGING SOURCE
Transcribing agency RUA
082 ## - DEWEY DECIMAL CLASSIFICATION NUMBER
Classification number FIS BOU 2012 B184 Or.1
100 ## - MAIN ENTRY--AUTHOR NAME
Personal name BOU, SOPHORS.
245 ## - TITLE STATEMENT
Title Growth performance of mile tilapia fingerling produced through broodstock selection for quantitative phenotype (tilapia niloticus), ការតាមដានកម្រិតលូតលាស់កូនត្រីពូជទីឡាព្យាឆ្នួតតាមរយៈកម្មវិធីជម្រើសពុជតាមបែបសាមញ្ញ ដើម្បីផេណូទីបខាងបរិមាណ
260 ## - PUBLICATION, DISTRIBUTION, ETC. (IMPRINT)
Place of publication Phnom Penh
Name of publisher RUA
Year of publication 2012
300 ## - PHYSICAL DESCRIPTION
Number of Pages xii; 53p.
Other physical details ill.
Dimensions 29cm.
856 ## - ELECTRONIC LOCATION AND ACCESS
Uniform Resource Identifier https://drive.google.com/file/d/1wxMmSzs-VJ0g9ZuLLPtwHoduxuM8c7jp/view?usp=sharing
942 ## - ADDED ENTRY ELEMENTS (KOHA)
Koha item type FIS
952 ## - LOCATION AND ITEM INFORMATION (KOHA)
Withdrawn status [LOCAL, KOHA] 0
952 ## - LOCATION AND ITEM INFORMATION (KOHA)
Withdrawn status [LOCAL, KOHA] 0
952 ## - LOCATION AND ITEM INFORMATION (KOHA)
Withdrawn status [LOCAL, KOHA] 0
952 ## - LOCATION AND ITEM INFORMATION (KOHA)
Withdrawn status [LOCAL, KOHA] 0
952 ## - LOCATION AND ITEM INFORMATION (KOHA)
Withdrawn status [LOCAL, KOHA] 0
952 ## - LOCATION AND ITEM INFORMATION (KOHA)
Withdrawn status [LOCAL, KOHA] 0
952 ## - LOCATION AND ITEM INFORMATION (KOHA)
Withdrawn status [LOCAL, KOHA] 0
952 ## - LOCATION AND ITEM INFORMATION (KOHA)
Withdrawn status [LOCAL, KOHA] 0
952 ## - LOCATION AND ITEM INFORMATION (KOHA)
Withdrawn status [LOCAL, KOHA] 0
Holdings
Permanent Location Date acquired Koha item type Lost status Shelving location Barcode Current Location Full call number
Library Block B2015-12-05FIS B184RUA036825Library Block BFIS BOU 2012 B184 Or.1
Library Block B2015-12-05FIS B184RUA026942Library Block BFIS BOU 2012 B184 Or.2
Library Block B2015-12-05FIS B184RUA026870Library Block BFIS BOU 2012 B184 Or.3
Library Block B2015-12-05FIS B184RUA037014Library Block BFIS BOU 2012 B184 Or.4
Library Block B2015-12-05FIS B184RUA036954Library Block BFIS BOU 2012 B184 Or.5
Library Block B2015-12-05FIS B184RUA036629Library Block BFIS BOU 2012 B184 Or.6
Library Block B2015-12-05FIS B184RUA036828Library Block BFIS BOU 2012 B184 Or.7
Library Block B2015-12-05FIS B184RUA027255Library Block BFIS BOU 2012 B184 Or.8
Library Block B2019-03-18FIS B1.226A36277Library Block BFIS BOU 2012 B1.226 Or.1
មជ្ឈមណ្ឌលឯការនៃសាកលវិទ្យាល័យភូមិន្ទកសិកម្មចំការដូង

Powered by Koha